000 00633nam a2200229Ia 4500
003 OSt
005 20220926014509.0
006 a|||||r|||| 00| 0
007 ta
008 220923b |||||||| |||| 00| 0 eng d
037 _cGeneral Book
040 _aRTL
_cRTL
_beng
041 _2eng
_aeng
082 _aX:8, L3
100 _aDunn J D, etc.
_9320709
245 0 _aManagement essentials
_b Resource
260 _aNew York
_bMcGraw-Hill
_c1973
300 _axvii, 382p. Appendix p 363-67
_ccm.
650 _aManagement
_930681
942 _hX:8, L3
_cGB
_2CC
999 _c629156
_d629156